000 01198nam a2200313 a 4500
001 000021224
005 20200930011251.0
008 100902s2000 mx a 001 | spa d
020 _a9684444095
040 _aDO-SdBNP
_bspa
_cBNPHU
082 _a658.4012
_bE82P
245 0 3 _aLa estrategia en el panorama del negocio :
_btexto y casos /
_cPankaj Ghemawat ...[et al.] ; traducción de Jorge Abenamar Suárez Arana ; edición de Marisa de Anta.
260 _aMéxico D. F. :
_bPearson Educación,
_c2000.
300 _axi, 400 p. , :
_bil. ;
_c18 cm.
500 _aIncluye índice de compañias.
500 _aIncluye índice de nombres y materias.
534 _aTítulo original en inglés:
_tStrategy and the business landscape. Text and cases.
650 4 _aPlanificación estratégica
_92433
650 4 _aAdministración de proyectos industriales
_xEstudio de casos
_944360
650 4 _aMicroempresa
_944361
700 1 _aGhemawat, Pankaj
_944362
700 1 _aCollis, David J.
_944363
700 1 _aPisano, Gary P.
_944364
700 1 _aRivkin, Jan W.
_944365
700 1 _aAbenamar, Jorge,
_etr.
_944366
700 1 _aAnta, Marisa de,
_eed.
_944367
910 _aWM
049 _aBNGR
999 _c20725
_d20725